| 000 | 00325nam a22001337a 4500 | ||
|---|---|---|---|
| 020 | _qHB. | ||
| 040 | _cFIZZA ISHAQ | ||
| 082 |
_a690.62 _bBEU |
||
| 100 |
_aWIEN,BERLIN VERLAG BEUTH. _990179 |
||
| 245 |
_aTHE BIM MANAGERS / _cBEUTH VERLAG BERLIN WIEN. |
||
| 260 |
_aLONDON ; _c2019. |
||
| 300 | _a283 P. ; | ||
| 942 |
_2ddc _cBK |
||
| 999 |
_c588542 _d588542 |
||